Responses for Show #4050 - Friday, March 22, 2002

Contestants

[<< previous game]

Russ Donnelly, a bartender from Honolulu, Hawaii

Sage Andersen, a student from Oakland, California

Maggie Bruen, a teacher from Hoboken, New Jersey (whose 1-day cash winnings total $24,200)

[next game >>]

Jeopardy! Round responses

INITIALED AUTHORS
LET'S BUILD SOME MUSCLE
THE NIFTY FIFTIES
BASKETBALL COACHES
ALL BUSINESS
CROSSWORD CLUES "K"
    $200 11
J.K. Rowling

Sage
    $200 16
the triceps

Maggie
    $200 1
Brooklyn

Maggie
    $200 21
an Olympic Gold medal

Sage
    $200 26
Krispy Kreme

Sage
    $200 3
a keg

Maggie
    $400 12
D.H. Lawrence

Sage
    $400 17
your thigh

Sage
    $400 2
Princess Grace (Kelly)

Russ
    $400 22
UNC (University of North Carolina)

Sage
    $400 27
Oracle

Sage
    $400 5
a kiln

Russ
    $600 13
J.R.R. Tolkien

Maggie
    $600 18
a bench press

Sage
    $600 4
Rick Nelson

Russ
    $600 23
(Russ: Who is Jack Ramsay?)
...
(Alex: Who is [*]? Boston Celtics.)

Red Auerbach

Russ
Triple Stumper
    $1,000 28
(Sage: Who is McDonnell Douglas?)

Lockheed

Sage
    $600 6
Kilimanjaro

Maggie
    $800 14
J.D. Salinger

Russ
    $800 19
(Alex: I only have a "3-pack", by the way.)
[Laughter]

your abs

Sage
    $800 7
Douglas MacArthur

Maggie
    $800 24
a triangle

Sage
    $800 29
Verizon

Sage
    $800 9
Kohl

Sage
    $1000 15
C.S. Lewis

Maggie
    $1000 20
(Sage: What is your latimus?)
(Russ: What is latimus dorsi?)

latissimus dorsi

SageRuss
Triple Stumper
    $1000 8
(Maggie: What is the Nimitz?)

the Nautilus

MaggieRuss
    $1000 25
(Alex: Minute to go.)

Larry Brown

Triple Stumper
    $1000 30
(Sage: What is Long John Silver?)
(Alex: Shall we accept that? Yes. We were having trouble with our apostrophe S's on some previous shows, but you're okay.)

Long John Silver's

Sage
    $1000 10
Khufu

Russ

Scores at the first commercial break (after clue 15):

Maggie Sage Russ
$2,400 $1,400 $4,200

Scores at the end of the Jeopardy! Round:

Maggie Sage Russ
$2,600 $5,000 $2,600

Double Jeopardy! Round responses

THE DREADED OPERA CATEGORY
THIS FAMILY MATTERS
BOTANY
THE 3
"STRANGER"
IN A STRANGE LAND
    $400 1
(Russ: What is Madame Butterfly?)
(Maggie: What is Pagliacci?)

La bohème

MaggieRuss
Triple Stumper
    $400 7
(Russ: Who is Joe Kennedy?)

Bobby Kennedy

MaggieRuss
    $400 26
a cactus

Sage
    $400 6
California, Oregon & Washington

Maggie
    $400 16
strangers in the night

Maggie
    $400 21
Scotland

Russ
    $800 2
Hansel & Gretel

Maggie
    $800 8
Douglas

Sage
    $800 27
peppermint

Sage
    $800 9
Gemini, Mercury & Apollo

Russ
    $800 17
(Russ: Who are strange bedfellows?)

Perfect Strangers

SageRuss
    $800 22
(Alex: Minute to go, now.)

Sudan

Sage
    $1200 3
Rigoletto

Maggie
    $1200 13
the Marsalises

Russ
    $1200 28
[The end-of-round signal sounds.]

spores

Russ
    $1200 10
(Maggie: Who is Michael Keaton and Val Kilmer and...)

Michael Keaton, Val Kilmer & George Clooney

MaggieRuss
    $1200 18
Strangers on a Train

Russ
    $1200 23
Slovenia

Sage
    $1600 4
Tristan and Isolde

Maggie
    $1600 14
the Bells

Russ
    $1,200 11
(Russ: Who are Romeo and Juliet? Who are... Oh, I'm blank.)
...
(Russ: Thanks anyway.)
[Laughter]
(Alex: Happy to help.)

Romeo and Juliet, Troilus and Cressida & Antony and Cleopatra

Russ
    $1600 19
a stranger in a paradise

Maggie
    $1600 24
Malta

Sage
    $2000 5
(Prince) Igor

Russ
    $1,000 15
[NOTE: Alex also added "famous" and "high-wire-performing" to his remarks.]

the (Flying) Wallendas

Russ
    $2000 12
Jamaica, Japan & Jordan

Triple Stumper
    $2000 20
Never Talk to Strangers

Triple Stumper
    $2000 25
Lesotho

Triple Stumper

Scores at the end of the Double Jeopardy! Round:

Maggie Sage Russ
$7,400 $11,400 $10,400

[wagering suggestions for these scores]

Final Jeopardy! Round responses

FROM THE LATIN
(Alex: Latin word "ambulare".)
MaggieWhat is ambulance?
$100
RussWhat is "ambulance"?
$10,200
SageWhat is ambulance?
$9,401
ambulance

Final scores:

Maggie Sage Russ
$7,500 $20,801 $20,600
3rd place: trip to Rancho Mirage & stay at Marriott's Rancho Las Palmas Resort & Country Club New champion: $20,801 2nd place: trip to Barbados & stay at Almond Resorts

Game dynamics:

Coryat scores:

Maggie Sage Russ
$7,400 $12,400 $12,600
14 R,
3 W
20 R,
2 W
(including 1 DD)
15 R
(including 1 DD),
6 W
(including 1 DD)

Combined Coryat: $32,400

[game clues] [game scores] [suggest correction]

Game tape date: 2001-12-11
The J! Archive is created by fans, for fans. Scraping, republication, monetization, and malicious use prohibited; this site may use cookies and collect identifying information. See terms. The Jeopardy! game show and all elements thereof, including but not limited to copyright and trademark thereto, are the property of Jeopardy Productions, Inc. and are protected under law. This website is not affiliated with, sponsored by, or operated by Jeopardy Productions, Inc. Join the discussion at JBoard.tv.